000 02718nam0a2200457 4500
001 RU\NLR\BIBL_A\022085719
005 20231221154834.0
010 _a978-5-04-188692-9
_92000
021 _aRU
_bКН-П-23-068107
_9КН-П-23-6918
035 _a(NLR Aleph) 022085719
035 _a(RuMoRGB)012258026
090 _a12702245
_c12702245
100 _a20231201d2023 u y0rusy50 ca
101 1 _arus
_cgrc
102 _aRU
105 _ay z 000ay
181 0 _ai
_baxxe
182 0 _an
200 1 _aАнтичные трагедии
_fЭсхил, Софокл, Еврипид
_gперевод с древнегреческого Вячеслава Иванова [и др.]
203 _aТекст
_bвизуальный
_cнепосредственный
210 _aМосква
_cЭксмо
_d2023
215 _a668, [2] с.
_d21
225 1 _aВсемирная литература
327 0 _aСодерж.: Персы; Орестея; Агамемнон (стихи 1-1673); Плакальщицы (хоэфоры) (стихи 1-1076); Эвмениды (стихи 1-1046); Прометей прикованный/ Эсхил. Царь Эдип; Эдип в Колоне; Антигона/ Софокл. Медея; Ипполит; Вакханки / Еврипид
333 _a16+
604 _1700#0$aЭсхил$fок. 525 - 456 до н.э.
_15010#$aТрагедии$2nlr_sh2$3RU\NLR\AUTH\661527899
_aЭсхил (ок. 525 - 456 до н.э.)
_tТрагедии
_92584908
_3RU\NLR\AUTH\661527899
604 _1700#0$aСофокл$fок.496 - 406 до н.э
_15010#$aТрагедии$2nlr_sh2$3RU\NLR\AUTH\6601563510
_aСофокл (ок.496 - 406 до н.э)
_tТрагедии
_92214056
_3RU\NLR\AUTH\6601563510
604 _1700#0$aЕврипид$f480 - 406 до н.э.
_15010#$aТрагедии$2nlr_sh2$3RU\NLR\AUTH\6601563513
_aЕврипид (480 - 406 до н.э.)
_tТрагедии
_92214063
_3RU\NLR\AUTH\6601563513
675 _a821.14'02-2
_v4
686 1 _aШ5(0)333-4Эсхил536.1
686 1 _aШ5(0)333-4Софокл536.1
686 1 _aШ5(0)333-4Еврипид536.1
700 0 _7ca
_8rus
_aЭсхил
_fок. 525 до н. э.- ок. 456 до н. э.
_9120986
_3RU\NLR\AUTH\7711232
701 0 _7ca
_8rus
_aСофокл
_fок.496-406 до н.э.
_9120987
_3RU\NLR\AUTH\7711233
701 0 _7ca
_8rus
_aЕврипид
_fок.480-406 до н.э.
_9118681
_3RU\NLR\AUTH\778795
702 1 _4730
_7ca
_8rus
_aИванов
_bВ. И.
_cпоэт, переводчик
_f1866-1949
_gВячеслав Иванович
_9117498
_3RU\NLR\AUTH\777565
942 _cBOOK
980 _aNB